<?xml version="1.0" encoding="UTF-8"?>
<record
    xmlns:xsi="http://www.w3.org/2001/XMLSchema-instance"
    xsi:schemaLocation="http://www.loc.gov/MARC21/slim http://www.loc.gov/standards/marcxml/schema/MARC21slim.xsd"
    xmlns="http://www.loc.gov/MARC21/slim">

  <leader>01856nam a2200301 i 4500</leader>
  <controlfield tag="003">CSPC</controlfield>
  <controlfield tag="005">20251013114421.0</controlfield>
  <controlfield tag="008">251008s2022    nyua          001 0 eng d</controlfield>
  <datafield tag="010" ind1=" " ind2=" ">
    <subfield code="a">2021762350</subfield>
  </datafield>
  <datafield tag="020" ind1=" " ind2=" ">
    <subfield code="a">9780367619114</subfield>
  </datafield>
  <datafield tag="040" ind1=" " ind2=" ">
    <subfield code="b">eng</subfield>
    <subfield code="c">CSPC</subfield>
    <subfield code="a">CSPC</subfield>
    <subfield code="e">rda</subfield>
  </datafield>
  <datafield tag="050" ind1="0" ind2="0">
    <subfield code="a">LC3993</subfield>
  </datafield>
  <datafield tag="082" ind1="0" ind2="0">
    <subfield code="a">371.95</subfield>
    <subfield code="b">K141d</subfield>
    <subfield code="2">23</subfield>
  </datafield>
  <datafield tag="100" ind1="1" ind2=" ">
    <subfield code="a">Kaplan, Sandra N.,</subfield>
    <subfield code="e">author.</subfield>
  </datafield>
  <datafield tag="245" ind1="1" ind2="0">
    <subfield code="a">Differentiated curriculum and instruction for advanced and gifted learners /</subfield>
    <subfield code="c">Sandra N. Kaplan.</subfield>
  </datafield>
  <datafield tag="264" ind1=" " ind2="1">
    <subfield code="a">New York, NY ;</subfield>
    <subfield code="a">Abingdon, Oxon :</subfield>
    <subfield code="b">Routledge,</subfield>
    <subfield code="c">2022.</subfield>
  </datafield>
  <datafield tag="300" ind1=" " ind2=" ">
    <subfield code="a">viii, 114 pages :</subfield>
    <subfield code="b">illustrations ;</subfield>
    <subfield code="c">23 cm.</subfield>
  </datafield>
  <datafield tag="336" ind1=" " ind2=" ">
    <subfield code="2">rdacontent</subfield>
    <subfield code="a">text</subfield>
  </datafield>
  <datafield tag="337" ind1=" " ind2=" ">
    <subfield code="2">rdamedia</subfield>
    <subfield code="a">unmediated</subfield>
  </datafield>
  <datafield tag="338" ind1=" " ind2=" ">
    <subfield code="2">rdacarrier</subfield>
    <subfield code="a">volume</subfield>
  </datafield>
  <datafield tag="500" ind1=" " ind2=" ">
    <subfield code="a">Includes index.</subfield>
  </datafield>
  <datafield tag="505" ind1="0" ind2=" ">
    <subfield code="a">Differentiation -- Depth and complexity -- Early childhood education -- Instructional strategies -- Learning to learn -- Independent study.</subfield>
  </datafield>
  <datafield tag="520" ind1=" " ind2=" ">
    <subfield code="a">"This critical volume provides readers with a deep understanding ofwhyandhowto differentiate curriculum and instruction to better meet the academic, social, and emotional needs of advanced and gifted learners. Offering clear, constructure frameworks for learning, chapters focus on four key concepts - review, reinforce, refine, and redefine - which help readers create individualized learning experiences and differentiate standards-based curriculums. Filled with specific examples, lessons, and units of study, this essential guide emphasizes differentiation as a means to differ the What (curriculum) as well as the How (instruction) to successfully respond to the many facets of students' giftedness."</subfield>
  </datafield>
  <datafield tag="650" ind1=" " ind2="0">
    <subfield code="a">Gifted children</subfield>
    <subfield code="v">Education</subfield>
    <subfield code="x">Curricula.</subfield>
  </datafield>
  <datafield tag="650" ind1=" " ind2="0">
    <subfield code="a">Teaching</subfield>
    <subfield code="x">Methodology.</subfield>
  </datafield>
  <datafield tag="942" ind1=" " ind2=" ">
    <subfield code="2">ddc</subfield>
    <subfield code="n">0</subfield>
    <subfield code="c">BK</subfield>
    <subfield code="h">371.95</subfield>
    <subfield code="i">K141d</subfield>
    <subfield code="k">CIR</subfield>
    <subfield code="m">2022</subfield>
    <subfield code="e">23</subfield>
  </datafield>
  <datafield tag="952" ind1=" " ind2=" ">
    <subfield code="0">0</subfield>
    <subfield code="1">0</subfield>
    <subfield code="2">ddc</subfield>
    <subfield code="4">0</subfield>
    <subfield code="7">0</subfield>
    <subfield code="a">CSPC</subfield>
    <subfield code="b">CSPC</subfield>
    <subfield code="c">CIR</subfield>
    <subfield code="d">2025-10-09</subfield>
    <subfield code="l">0</subfield>
    <subfield code="o">CIR 371.95 K141d 2022</subfield>
    <subfield code="p">030382</subfield>
    <subfield code="r">2025-10-09 10:00:22</subfield>
    <subfield code="t">1-1</subfield>
    <subfield code="w">2025-10-09</subfield>
    <subfield code="y">BK</subfield>
  </datafield>
  <datafield tag="999" ind1=" " ind2=" ">
    <subfield code="c">30645</subfield>
    <subfield code="d">30645</subfield>
  </datafield>
</record>
